ՀՀ Գիտությունների ազգային ակադեմիայի հիմնարար գիտական գրադարան  =   Fundamental Scientific Library of NAS RA

Կիւլզարի Թէվարիխ : (Record no. 222877)

MARC details
000 -LEADER
fixed length control field 01393nam a2200265 a 4500
003 - CONTROL NUMBER IDENTIFIER
control field AM-YeHGA
005 - DATE AND TIME OF LATEST TRANSACTION
control field 20250618073314.0
008 - FIXED-LENGTH DATA ELEMENTS--GENERAL INFORMATION
fixed length control field 080207s1850 it ||||||| 000 0|tur|d
040 ## - CATALOGING SOURCE
Original cataloging agency AM-YeHGA
041 0# - LANGUAGE CODE
Language code of text/sound track or separate title tur
090 ## - LOCALLY ASSIGNED LC-TYPE CALL NUMBER (OCLC); LOCAL CALL NUMBER (RLIN)
-- 224412
100 1# - MAIN ENTRY--PERSONAL NAME
Personal name Չամչյան, Միքայել Աբրահամի,
Dates associated with a name 1738-1823
9 (RLIN) 1316
245 10 - TITLE STATEMENT
Title Կիւլզարի Թէվարիխ :
Remainder of title Հայ միլլէթինէ տայիր հիքեայէլէր իլէ տօնանմիշ /
Statement of responsibility, etc. Չամչեան Հ. Միքայէլ Վարդատետին Ղայրէթի Իլէ.
246 3# - VARYING FORM OF TITLE
Title proper/short title Պատմութիւն Հայոց
250 ## - EDITION STATEMENT
Edition statement Իքինճի պասմա
260 ## - PUBLICATION, DISTRIBUTION, ETC.
Place of publication, distribution, etc. Վէնէտիկ :
Name of publisher, distributor, etc. Ս. Ղազար մանասթըրընտա,
Date of publication, distribution, etc. 1850.
300 ## - PHYSICAL DESCRIPTION
Extent 668 էջ ;
Dimensions 19 սմ.
500 ## - GENERAL NOTE
General note Շարվ. 8x15,5 սմ
500 ## - GENERAL NOTE
General note Վերնագրի թարգմանությունը վերցված է Հասմիկ Ստեփանյանի «Հայատառ թուրքերեն գրքերի եւ հայատառ թուրքերեն պարբերական մամուլի մատենագիտութիւն (1727-1968)» գրքից։
546 ## - LANGUAGE NOTE
Language note Տեքստը հայատառ թուրքերեն
650 14 - SUBJECT ADDED ENTRY--TOPICAL TERM
Topical term or geographic name entry element Հայոց պատմություն
650 14 - SUBJECT ADDED ENTRY--TOPICAL TERM
Topical term or geographic name entry element Հայատառ թուրքերեն գրքեր
9 (RLIN) 6315
856 41 - ELECTRONIC LOCATION AND ACCESS
Uniform Resource Identifier <a href="http://greenstone.flib.sci.am/gsdl/collect/armbook/books/kilazrii_tevarix.pdf">http://greenstone.flib.sci.am/gsdl/collect/armbook/books/kilazrii_tevarix.pdf</a>
Link text Կարդալ առցանց
942 ## - ADDED ENTRY ELEMENTS (KOHA)
Source of classification or shelving scheme Universal Decimal Classification
Koha item type Գրքեր / Books
Holdings
Withdrawn status Lost status Source of classification or shelving scheme Damaged status Not for loan Collection Home library Current library Date acquired Total checkouts Full call number Barcode Date last seen Price effective from Koha item type Public note
    Universal Decimal Classification     Rare Books Collection Fundamental Scientific Library Fundamental Scientific Library 28/12/2016   A/226 FL0031236 28/12/2016 28/12/2016 Գրքեր / Books ILL Non-Circ.
    Universal Decimal Classification     Rare Books Collection Fundamental Scientific Library Fundamental Scientific Library 28/12/2016   A/653 FL0032078 28/12/2016 28/12/2016 Գրքեր / Books ILL Non-Circ.


ՀՀ ԳԱԱ հիմնարար գիտական գրադարան
ՀՀ,Երևան 0019
Մարշալ Բաղրամյան 24/6
հեռախոս:(374-10) 52-47-50
Հետադարձ կապ

All site content, except where otherwise noted, is licensed under a
Creative Commons License